000 00697nam a22002177a 4500
003 UA-OsUOA
001 94957
007 ta
008 20130220b un ||||| |||| 00| 0 ukr d
100 _aПівцаєва В.
090 _a355
_bП36
942 _cSA
040 _aUA-OsUOA
_bukr
_cUA-OsUOA
_dUA-OsUOA
245 _aПорядок ведення державного земельного кадастру
300 _aС.22-27
955 _a0
041 _aukr
080 _a355
773 0 _w94954
_tМісцеве самоврядування
_dХарків
_d2013
_g2
650 7 _a35 Державно-адміністративне управління. Військова справа
_2UDC
999 _c381202
_d381202